| 000 | 00770nam a2200217Ia 4500 | ||
|---|---|---|---|
| 001 | 12349 | ||
| 003 | GE_BSU | ||
| 008 | 181216s||||||||xx |||||||||||||| ||und|| | ||
| 040 | _cGE_BSU | ||
| 080 | _a632.651:595.132 | ||
| 100 | _aКирьянова,Э.Л. Кралль, Э.Л. | ||
| 245 | _aПаразитические нематоды растении и меры борьбы с ними. Т.2 | ||
| 245 | _cРед.колл. Б.Е.Быховский,Громов,И.М..... | ||
| 260 | _aЛенинград | ||
| 260 | _bНаука | ||
| 260 | _c1971 | ||
| 300 | _a521стр.илл.27см. | ||
| 300 | _cБиблиогр.с.415-449 | ||
| 653 | _aПаразитические нематоды растении и меры борьбы с ними | ||
| 942 | _cBK | ||
| 999 |
_c45524 _d45524 |
||